Hungary Expressz - Statistics

General Stats
  • This quiz has been taken 8 times
  • The average score is 2 of 19
Answer Stats
Végállomások Expressz nevek % Correct
Záhony-Fonyód Aranypart
50%
Budapest-Déli-Tapolca Kék Hullám
50%
Budapest-Déli-Tapolca-Szombathely Kék Hullám
50%
Baja-Budapest-Déli Sugovica
25%
Budapest-Nyugati-Szeged Alföld
0%
Szeged-Fonyód Aranyhíd
0%
Záhony-Budapest-Nyugati Campus
0%
Békéscsaba-Tapolca Csabai Tekergő
0%
Miskolc-Tiszai-Fonyód Ezüstpart
0%
Pécs-Tapolca Fenyves
0%
Kaposvár-Tapolca Fenyves
0%
Fonyód-Szob Jégmadár
0%
Budapest-Déli-Balatonszentgyörgy Napfürdő
0%
Budapest-Déli-Fonyód Napfürdő
0%
Nyíregyháza-Siófok Panoráma
0%
Budapest-Keleti-Őriszentpéter-Ljubjana-Koper/Fiume (Rijeka) Retro Istria
0%
Budapest-Keleti-Kazincbarcika Sajó
0%
Záhony-Zánka-Erzsébettábor Szabolcsi Tekergő
0%
Budapest-Déli-Pécs Tenkes
0%
No matching quizzes found
Score Distribution
Percent of People with Each Score
Percentile by Number Answered
Your Score History
You have not taken this quiz